Porto Champions League XIs - Statistics

General Stats
  • This quiz has been taken 450 times
    397 since last reset
  • The average score is 54 of 129
Answer Stats
Answer % Correct
Diogo Costa
93%
Pepe
93%
Pepê
93%
Jorge Costa
90%
Ricardo Costa
90%
Deco
87%
Ricardo Carvalho
82%
Iker Casillas
80%
José Sá
80%
Radamel Falcao
77%
James Rodríguez
74%
Mehdi Taremi
71%
André Silva
70%
Mário Silva
68%
Danilo Pereira
67%
Hulk
67%
Maxi Pereira
67%
Vítor Baía
67%
Alvaro Pereira
66%
Jackson Martínez
66%
Paulo Ferreira
66%
Ricardo Quaresma
63%
João Moutinho
62%
Maniche
62%
Cristian Rodríguez
61%
Helton
61%
Lucho González
60%
Luis Díaz
60%
Costinha
59%
Danilo
58%
Otávio
57%
Moussa Marega
56%
Evanilson
53%
João Mário
52%
Eder Militão
51%
Héctor Herrera
51%
Iván Marcano
51%
Vincent Aboubakar
51%
Alex Telles
50%
Bruno Alves
49%
Lisandro López
49%
Nicolás Otamendi
49%
Óliver Torres
49%
Yacine Brahimi
49%
Alex Sandro
48%
Carlos Alberto
47%
Casemiro
47%
Felipe
47%
Jesús Manuel Corona
47%
Mário Jardel
47%
Galeno
46%
Nuno Valente
46%
Raul Meireles
46%
Ricardo
46%
Rúben Neves
46%
Benni McCarthy
45%
Derlei
45%
José Bosingwa
45%
Fernando Mendes
44%
Helder Postiga
44%
Sérgio Conceição
44%
Sérgio Oliveira
44%
Agustín Marchesín
43%
Fucile
43%
Fernando
42%
João Pinto
42%
Diogo Jota
41%
Paulinho Santos
41%
Eliaquim Mangala
40%
Mateus Uribe
39%
Matheus Uribe
39%
Paulo Santos
39%
Silvestre Varela
38%
Chancel Mbemba
36%
Fernando Couto
36%
Rui Jorge
36%
Zaidu Sanusi
36%
Carlos Secretário
35%
Fabiano
35%
Maicon
35%
Rolando
35%
Fábio Cardoso
34%
Jorge Andrade
34%
Zaidu
34%
André André
33%
António André
33%
Miguel Layún
33%
José Semedo
32%
Zé Carlos
32%
Wilson Manafá
31%
Marko Grujić
29%
Steven Defour
29%
Anderson
27%
Cristian Săpunaru
27%
Diego
26%
Pedro Emanuel
25%
Bruno Martins Indi
24%
David Carmo
24%
Domingos
24%
Hilário
23%
Paulo Assunção
23%
Aloísio
22%
Capucho
22%
Malang Sarr
21%
Aly Cissokho
20%
Kleber
20%
Rui Barros
20%
Zlatko Zahovič
20%
Edmilson
19%
Ljubinko Drulović
19%
Rui Correia
19%
Emerson
18%
Georgios Seitaridis
18%
Pena
17%
Clayton
16%
Carlos Paredes
15%
José Barroso
15%
Emil Kostadinov
14%
Hugo Ibarra
14%
Jorginho
13%
Milan Stepanov
13%
Carlos Chaínho
11%
Ion Timofte
11%
Josué Pesqueira
11%
Duarte Artur
10%
Cesar Peixoto
9%
Esquerdinha
9%
Doriva
8%
Tarik Sektioui
8%
No matching quizzes found
Score Distribution
Percent of People with Each Score
Percentile by Number Answered
Your Score History
You have not taken this quiz since the last reset